| 000 | 00493nam a22001457a 4500 | ||
|---|---|---|---|
| 003 | MACL | ||
| 005 | 20181214161357.0 | ||
| 008 | 181214b xxu||||| |||| 00| 0 eng d | ||
| 040 | _cMACL | ||
| 100 |
_aमरियम लुबना _961726 |
||
| 245 | _aखोजा नसरूदीन के कारनामें | ||
| 260 |
_aदिल्ली _bहिन्दी भाषा अकादमी _c2016 |
||
| 650 |
_aव्यंग्य _973394 |
||
| 942 |
_2ddc _cHIN |
||
| 999 |
_c58709 _d58709 |
||